| 000 | 00693cam a2200253 a 4500 | ||
|---|---|---|---|
| 001 | 000010095 | ||
| 003 | OSt | ||
| 005 | 20200929161836.0 | ||
| 008 | 790130s1978 ve 001 0 spa | ||
| 040 |
_aDO-SdBNP _bspa _cBNPHU |
||
| 049 | _aBNGR | ||
| 082 |
_aV862.44 _bC545a |
||
| 100 | 1 |
_aChocrón, Isaac _d1930-2011 _925078 |
|
| 245 | 1 | 3 |
_aEl acompañante : _bpieza en dos partes / _cIsaac Chocrón. |
| 260 |
_aCaracas : _bMonte Ávila, _c1978. |
||
| 300 |
_a85 p. ; _c16 cm. |
||
| 490 | 1 | _aTeatro | |
| 590 | _aInventariado, 2020/ YL | ||
| 650 | 4 |
_aTeatro venezolano _923074 |
|
| 650 | 4 |
_aLiteratura venezolana _93816 |
|
| 830 | 0 |
_aTeatro _95617 |
|
| 942 |
_2ddc _cLF1 |
||
| 956 | _aYLOCKWARD | ||
| 999 |
_c9854 _d9854 |
||